عرض عادي
عرض مارك
- Kincaid, David
مدخل إسم شخص
001 - رقم الضبط
- حقل الضبط: 5073
003 - معرف رقم الضبط
- حقل الضبط: OSt
005 - تاريخ ووقت أخر عملية
- حقل الضبط: 20110929024524.0
008 - عناصر بيانات ثابتة الطول
- حقل تحكم ثابت الطول: 110929|||a|||||| | ||| d
040 ## - مصدر الفهرسة
- هيئة الفهرسة الأصلية: OSt
- وكالة الكتابة: OSt
100 ## - مدخل -- أسم شخص
- إسم شخص: Kincaid, David
- الشكل الكامل للاسم: (David Ronald)
670 ## - بيانات المصدر موجوده
- الاستشهاد بالمصدر: Work cat.: (OSt)857: Cheney, E. W. (Elliott Ward), 1929- 5072, Numerical mathematics and computing /, c1999.
